000 00822nam0a22002531 4500
001 rc\471159
005 20030616172424.0
010 _a5-265-00123-9
_96700
035 _a(NLR Aleph) 005714841
090 _a7416429
_c7416429
100 _a20030616d1988 u |0rusy50 ca
101 0 _arus
102 _aRU
105 _aa |||||||||
200 1 _aАветик Исаакян и Россия
_eПо дневникам, записным книжкам, письмам
_eПер. с арм.
210 _aМ.
_cСов. писатель
_d1988
215 _a297, [2] с.
_cпортр.
_d22
600 1 _aИсаакян
_bА.
_gАветик
_2psbo
700 1 _aИсаакян
_bА. В.
_gАвик Вигенович
801 0 _aRU
_bNLR
_gpsbo
801 1 _aRU
_bELAR
_2rusmarc
852 _aNLR
_j88-3/13422
942 _cBOOK
980 _aNB